000 00304cam a2200121ua 4500
082 _a823.301
_bBHA/BO
100 _aBhattacharya, A .
_91637
245 _aBook of Short Stories /
260 _aCulcutta :
_bIndian Press Ltd ,
_c1970.
300 _a148 ; .
700 1 _aEssauloff, K .
_91638
942 _cBK
999 _c4394
_d4394